000 00314cam a22001217a 4500
008 180718b1955 xxu||||| |||| 00| 0 eng d
082 _aB2 P697 T212
100 _aTaylor, A.E.
245 _aPlato: the man and his work
_cby A.E. Taylor
260 _aLondon
_bMethuen
_c1955
300 _axii, 562p
650 _aPlato.
999 _c419793
_d419793